| Tag |
First Indicator |
Second Indicator |
Subfields |
| LEADER |
00000cam a22000008a 4500 |
| 001 |
in00000982829 |
| 005 |
20150927112319.0 |
| 008 |
900110s1990 nyu b 00000 eng |
| 010 |
|
|
|a 90006732
|
| 020 |
|
|
|a 0195059646
|
| 020 |
|
|
|a 0195059654 (pbk.)
|
| 035 |
|
|
|a (OCoLC)20994489
|
| 035 |
|
|
|9 AEW3814AM
|
| 040 |
|
|
|a DLC
|c DLC
|d TXA
|d UtOrBLW
|
| 043 |
|
|
|a n-us---
|
| 049 |
|
|
|a TXAM
|
| 050 |
0 |
0 |
|a PS366.R44
|b L57 1990
|
| 082 |
0 |
0 |
|a 818/.50809
|2 20
|
| 245 |
0 |
0 |
|a Literary journalism in the twentieth century /
|c edited by Norman Sims.
|
| 263 |
|
|
|a 9008
|
| 264 |
|
1 |
|a New York :
|b Oxford University Press,
|c 1990.
|
| 300 |
|
|
|a 296 pages
|
| 336 |
|
|
|a text
|b txt
|2 rdacontent
|
| 337 |
|
|
|a unmediated
|b n
|2 rdamedia
|
| 338 |
|
|
|a volume
|b nc
|2 rdacarrier
|
| 504 |
|
|
|a Includes bibliographical references.
|
| 650 |
|
0 |
|a American prose literature
|y 20th century
|x History and criticism.
|
| 650 |
|
0 |
|a Reportage literature, American
|x History and criticism.
|
| 650 |
|
0 |
|a Journalism
|z United States
|x History
|y 20th century.
|
| 700 |
1 |
|
|a Sims, Norman.
|
| 740 |
0 |
|
|a Literary journalism in the 20th century.
|
| 999 |
|
|
|a MARS
|
| 999 |
f |
f |
|s c0bc3be9-3b3b-33dc-8dd9-695805381bf2
|i 77607860-3157-3dcf-b41f-ac200917108c
|t 0
|
| 952 |
f |
f |
|p ric
|a Texas A&M University
|b Rellis Campus
|c Joint Library Facility
|d Remote Storage
|t 0
|e PS366.R44 L57 1990
|h Library of Congress classification
|i unmediated -- volume
|m A14814079937
|
| 998 |
f |
f |
|a PS366.R44 L57 1990
|t 0
|l Remote Storage
|